00000000cam 2200000zi 4500
0019.963024
003CaOODSP
00520260601172844
006m     o  d f      
007cr mn|||||||||
008260525s1949    oncabd  o    f000 0 eng d
040 |aCaOODSP|beng|erda|cCaOODSP
043 |an-cn-ns
0861 |aFs52-3/401E-PDF
1001 |aDavidson, Viola M., |eauthor.
24510|aFish (salmon) management, 1949 / |cauthor Davidson, V.M.
24614|aFish (salmon) management volume 41
24616|aFish (salmon) management volume XLI
250 |aVolume 41.
264 1|a[Ottawa] : |bFisheries Research Board of Canada, |c1949.
300 |a1 online resource (61 pages) : |billustrations, maps, graphs.
336 |atext|btxt|2rdacontent
337 |acomputer|bc|2rdamedia
338 |aonline resource|bcr|2rdacarrier
4901 |aManuscript reports of the biological stations ; |vno. 401
500 |aDigitized edition from print [produced by Department of Fisheries and Oceans].
520 |a"In compiling data during August and September of the 1949 angling in Grand Lake, it was necessary to interview anglers who were willing to recall their experiences of the early spring and summer to estimate the number of fish taken by them individually or by their fishing companions"--Page [1].
650 0|aFishing surveys|zNova Scotia.
650 6|aPêche sportive|xEnquêtes|zNouvelle-Écosse.
7102 |aFisheries Research Board of Canada, |eissuing body.
830#0|aManuscript reports of the biological stations ;|vno. 401.|w(CaOODSP)9.899091
85640|qPDF|s53.5 MB|uhttps://publications.gc.ca/collections/collection_2026/mpo-dfo/fs52-3/Fs52-3-401-eng.pdf